Movies Quiz

Random Movies Quiz

'V' Movies by Picture Quiz Stats

Quiz Updated Apr 9, 2013

Challenge
Share
Tweet
Score 0/25 Timer 06:00
4 Plays Today
Grid Location Movie % Correct
V for Vendetta
88%
Valkyrie
73.1%
Vertigo
56.1%
Van Helsing
43.8%
Vanilla Sky
42.2%
Victor/Victoria
41.5%
Varsity Blues
34.8%
Vantage Point
32.2%
The Village
31.6%
Valentine's Day
31.5%
Victory
29.3%
A View to a Kill
26.1%
Viva Las Vegas
25.1%
Grid Location Movie % Correct
The Verdict
24.6%
Vegas Vacation
23.7%
Vicky Cristina Barcelona
23.6%
Vampires
22.4%
Vampire in Brooklyn
22%
Vertical Limit
19.5%
A Very Brady Sequel
18.1%
Valley Girl
16.3%
Valiant
15.8%
Vanity Fair
15%
Volcano
14.2%
Vacancy
9.3%

You're not logged in!

Compare scores with friends on all Sporcle quizzes.
Sign Up with Email
OR
Log In

You Might Also Like...

Show Comments

Extras

Top Quizzes Today


Score Distribution

Your Account Isn't Verified!

In order to create a playlist on Sporcle, you need to verify the email address you used during registration. Go to your Sporcle Settings to finish the process.